00277nam a2200097 a 4500008004100000050002200041245006100063260003000124300001600154350000900170120416s1985 ||||||||||||||||| || u aHG 3881.5.I58 Rol04aThe role and function of the International Monetary Fund aWashington DC.bIMFc1985 a99p. : ill. a0.00